Normal view
MARC view
Entry Personal Name
001 - CONTROL NUMBER
- control field: 64306
003 - CONTROL NUMBER IDENTIFIER
- control field: dpl
005 - DATE AND TIME OF LATEST TRANSACTION
- control field: 20240404145629.0
008 - FIXED-LENGTH DATA ELEMENTS
- fixed length control field: 240404|| aca||aabn | a|a d
040 ## - CATALOGING SOURCE
- Original cataloging agency: dpl
- Transcribing agency: dpl
100 ## - HEADING--PERSONAL NAME
- Personal name: मर्फी,जोसेफ
670 ## - SOURCE DATA FOUND
- Source citation: Work cat.: (dpl)201930: मर्फी,जोसेफ , पावर ऑफ़ योर सबकॉन्शियस माइंड/, 2021
